Statistiques concernant Devinettes - Série 07

Cliquez ici pour prendre le quiz!

Statistiques générales

  • Ce quiz a été pris 195 fois
  • Le résultat moyen est 4 sur 10

Statistiques - réponses

DéfinitionIndiceSolution% Correct
Monsieur et madame Delune ont une fille, comment s'appelle-t-elle ?6CClaire
70%
j'ai des pieds et un dos mais je ne peux pas marcher, qui je suis ?6CChaise
64%
Quelle est la ville la plus proche de l'eau?8BBordeaux
61%
Je suis une plaisanterie très utilisée en cuisine, qui suis-je?5FFarce
58%
Mr et Mme Ution ont un fils, comment se nomme t'il ?4PPaul
53%
Je fais grossir mais je ne change pas le poids. Qui suis-je ?5LLoupe
23%
Quelle est la ville la plus vieille ?5MMilan
22%
ll suffit d'un oui ou d'un non pour qu'elles se séparent. Qui sont-elles ?6LLevres
19%
Qu'est-ce qui tourne sans bouger?4LLait
17%
Monsieur et madame Setofrais ont une fille, comment s'appelle t-elle ?7MMélanie
16%

Distribution des résultats

Percentile par nombre de réponses

% des personnes avec chaque résultat

Votre développement - résultats

Vous n’avez pas pris ce quiz